| 000 | 00510nam a2200181Ia 4500 | ||
|---|---|---|---|
| 001 | 16399 | ||
| 005 | 20260306170306.0 | ||
| 008 | 260306t1998||||xx |||||||||||||| ||und|| | ||
| 041 | _aESP | ||
| 082 |
_a348.56 _bE92 |
||
| 100 |
_aSeijas Rengifo, Teresa de Jesús (comp.) _eAUT |
||
| 245 | 0 | _aEstudios sobre los aspectos jurídicos de la biotecnología reproductiva humana en el Perú | |
| 260 | _c1998 | ||
| 300 |
_a182 páginas : _c21 cm. |
||
| 650 | _aGEN | ||
| 654 | _aCDE | ||
| 942 |
_cLIB _dJUS _fJUS _2ddc _n |
||
| 999 |
_c16399 _d16399 |
||